• 首页
  • 本馆介绍
  • 公告通知
  • 最新文献
  • 馆藏检索
  • 电子资源
  • 读者导购
  • 参考咨询
  • 我的图书馆
  • 登录
  • 详细信息显示
  • 放入我的书架
  • 预约/预借图书
  • 作者相关作品
  • 分类相关作品
  • 丛书相关作品
  • 出版社相关作品

书目信息

  • 表格格式
  • 工作单格式
  • 卡片格式
题名:
中学化学溶液与浓度计算
    
 
作者: 鲍立平 著
分册:  
出版信息: 杭州   浙江人民出版社  1979
页数: 280页
开本: 19cm
丛书名:
单 册:
中图分类: O6-015
科图分类:
主题词: 化学--中学 , 化学--理论 , 化学--方法
电子资源:
ISBN:
000 00661nam0 2200241 45
001 0179002205
005 20060419094454.43
010    @dCNY0.63
091    @aCN@b7103.1044
100    @a19950717d1979 demy0chiy0121 ea
101 0  @achi
102    @aCN@b330000
105    @ay z 000yy
200 10 @a中学化学溶液与浓度计算@Azhong xue hua xue rong ye yu nong du ji suan@f鲍立平著@Fbao li ping zhu
210    @a杭州@c浙江人民出版社@d1979
215    @a280页@d19cm
606    @a化学@x中学
606 0  @a化学@x理论
606 0  @a化学@x方法
690    @aO6-015@v3
701  0 @a鲍立平@Abao li ping@4著
801  0 @aCN@bTSSF@c20060419
905    @a10447@dO6-015@e8
    
    中学化学溶液与浓度计算/鲍立平著.-杭州:浙江人民出版社,1979
    280页;19cm
    
    
    ISBN :CNY0.63
    
●
相关链接 在E读中查询图书 在五车中查询图书 在当当中查询图书 在豆瓣中查询图书


正题名:中学化学溶液与浓度计算     索取号:O6-015/8         预约/预借

序号 登录号 条形码 馆藏地/架位号 状态 备注
1 0007258   000336130   密集书库/ [索取号:O6-015/8] 在馆    
唐山师范学院图书馆 欢迎您!
大连网信软件有限公司© 版权所有